000 00306nam a2200133Ia 4500
008 190216s9999||||xx |||||||||||||| ||und||
100 _aMukhin. K.N
245 0 _aExperrimental Nuclear Physics
250 _a1st Ed.
260 _bMir Publishers
_c1987
300 _a395
650 _aPhysics
942 _cBK
999 _c33192
_d33192